Cours de droit commercial maritime d'aprés les principes et suivant l'ordre du Code de Commerce
Uloženo v:
| Hlavní autor: | |
|---|---|
| Médium: | Kniha |
| Jazyk: | francouzština |
| Vydáno: |
París, Francia
Videcoq
1834
|
| Témata: | |
| Tagy: |
Přidat tag
Žádné tagy, Buďte první, kdo vytvoří štítek k tomuto záznamu!
|
MARC
| LEADER | 00000nam a2200000 a 4500 | ||
|---|---|---|---|
| 001 | UCR3910 | ||
| 003 | CL-VaPUC | ||
| 005 | 20240408164149.0 | ||
| 008 | 980130e18340000FR |||||||||||||||||fre|d | ||
| 999 | |c 266927 |d 266925 | ||
| 040 | |c Pontificia Universidad Católica de Valparaíso | ||
| 082 | 0 | 4 | |a 343.096 BOU 1834 |2 21 |
| 100 | |a Boulay-Paty, P. S. |q (Pierre-Sébastien) |e auteur |9 403357 | ||
| 245 | 1 | 0 | |a Cours de droit commercial maritime d'aprés les principes et suivant l'ordre du Code de Commerce |
| 260 | 0 | 3 | |a París, Francia |b Videcoq |c 1834 |
| 300 | |a 4 v | ||
| 583 | |a last modification |c 19980130 00:00:00 |k Rodrigo Vera | ||
| 650 | 0 | |a Derecho marítimo |9 255301 | |
| 650 | 7 | |a NAVES |2 CL-VaPUC |9 380983 | |
| 650 | 0 | |a Transporte marítimo |9 260127 | |
| 650 | 0 | |a Contratos |9 255153 | |
| 650 | 0 | |a Obligaciones |9 255578 | |
| 650 | 0 | |a Derecho internacional |9 255637 | |
| 650 | 7 | |a SEGUROS |2 CL-VaPUC |9 403358 | |
| 650 | 0 | |a Marina mercante |9 255383 | |
| 650 | 0 | |a Compraventa |9 255413 | |
| 650 | 0 | |a Derecho comercial |9 256340 | |
| 650 | 0 | |a Jurisprudencia |9 255952 | |
| 650 | 0 | |a Código de comercio |9 329302 | |
| 651 | 7 | |a BELGICA |2 CL-VaPUC |9 315122 | |
| 942 | |c BK |2 ddc | ||
| 945 | |d 19980130 00:00:00 |a aolguin | ||
| 952 | |0 0 |1 0 |4 0 |6 343_096000000000000_BOU_1834 |7 0 |8 X |9 298974 |a BIBDER |b BIBDER |d 2019-11-20 |h v.1 |i 1953737 |o 343.096 BOU 1834 |p 1953737 |r 2023-01-25 |t 1 |w 2019-11-20 |y BK_X |k DER | ||
| 952 | |0 0 |1 0 |4 0 |6 343_096000000000000_BOU_1834 |7 0 |8 X |9 298975 |a BIBDER |b BIBDER |d 2019-11-20 |h v.2 |i 1953680 |o 343.096 BOU 1834 |p 1953680 |r 2023-01-25 |t 1 |w 2019-11-20 |y BK_X |k DER | ||
| 952 | |0 0 |1 0 |4 0 |6 343_096000000000000_BOU_1834 |7 0 |8 X |9 298976 |a BIBDER |b BIBDER |d 2019-11-20 |h v.3 |i 195363K |o 343.096 BOU 1834 |p 195363K |r 2023-01-25 |t 1 |w 2019-11-20 |y BK_X |k DER | ||
| 952 | |0 0 |1 0 |4 0 |6 343_096000000000000_BOU_1834 |7 0 |8 X |9 298977 |a BIBDER |b BIBDER |d 2019-11-20 |h v.4 |i 1953583 |o 343.096 BOU 1834 |p 1953583 |r 2023-01-25 |t 1 |w 2019-11-20 |y BK_X |k DER | ||